Guess the Country: Where Does This Endemic Animal Live? - Statistics

General Stats
  • This quiz has been taken 14 times
  • The average score is 10 of 16
Answer Stats
Picture Answer % Correct
China
100%
Australia
92%
New Zealand
92%
Australia
83%
Madagascar
83%
Indonesia
75%
Indonesia
75%
Australia
67%
Australia
58%
Madagascar
58%
Colombia
50%
Ecuador
50%
Mexico
50%
Brazil
33%
Ecuador
33%
Vietnam
17%
No matching quizzes found
Score Distribution
Percent of People with Each Score
Percentile by Number Answered
Your Score History
You have not taken this quiz